Descubrimiento de mamíferos fósiles de edad Lujanense (<Pleistoceno tardio>) en el desierto de la Tatacoa (<Huila, Colombia>) (Registro nro. 10988)

Detalles MARC
000 -CABECERA
Campo de control 007400000a22002290004500
090 ## - CLASIFICACIÓN LOCAL
Colección AR
Consecutivo 01911
041 0# - IDIOMA
Código de idioma para texto/pista de sonido o título separado
100 1# - ASIENTO PRINCIPAL--NOMBRE PERSONAL
Nombre personal Villarroel A., Carlos
245 10 - MENCION DE TITULO
Título Descubrimiento de mamíferos fósiles de edad Lujanense (<Pleistoceno tardio>) en el desierto de la Tatacoa (<Huila, Colombia>)
650 14 - ASIENTO SECUNDARIO DE MATERIA - TERMINO TEMATICO
Término temático o nombre geográfico como elemento de entrada Paleontología
650 14 - ASIENTO SECUNDARIO DE MATERIA - TERMINO TEMATICO
Término temático o nombre geográfico como elemento de entrada Taxonomía
650 14 - ASIENTO SECUNDARIO DE MATERIA - TERMINO TEMATICO
Término temático o nombre geográfico como elemento de entrada Paleoecología
650 14 - ASIENTO SECUNDARIO DE MATERIA - TERMINO TEMATICO
Término temático o nombre geográfico como elemento de entrada Paleogeografía
651 #4 - ASIENTO SECUNDARIO DE MATERIA - NOMBRE GEOGRAFICO
-- Desierto de la Tatacoa
-- Huila
-- Colombia
653 ## - TERMINO DE INDIZACION - NO CONTROLADO
-- Sylvilagus
653 ## - TERMINO DE INDIZACION - NO CONTROLADO
-- Floridanus
653 ## - TERMINO DE INDIZACION - NO CONTROLADO
-- Tayassu
700 1# - ASIENTO SECUNDARIO - NOMBRE PERSONAL
Nombre personal Cadena G., Alberto
700 1# - ASIENTO SECUNDARIO - NOMBRE PERSONAL
Nombre personal Brieva B., Jorge
773 1# - Item fuente:
Título Caldasia
Especificación de materiales 45
Descripción física 76
Paginas del Articulo 119-125
Lugar, editorial y fecha de publicación 1989
Información sobre la relación 16
942 ## - ELEMENTOS ADICIONALES (KOHA)
Tipo de ítem Artículo
Existencias
Withdrawn status Lost status Damaged status No para préstamo Colección Ubicación Permanente Ubicación actual Fecha de adquisición Fuente de Valor Datos de publicación Seriada Total Checkouts Número topográfico Inventario / Código de Barras Date last seen Ejemplar Price effective from Forma de adquisición Tipo de material
      No para Préstamo Hemeroteca Bogotá Bogotá 27/02/2015 Muñoz Saba, Yaneth Fuera de circulación   AR 01911 012281 25/03/2015 1 25/03/2015   Artículo
      No para Préstamo Hemeroteca Bogotá Bogotá 27/02/2015 Muñoz Saba, Yaneth Fuera de circulación   AR 01911 012283 25/03/2015 2 25/03/2015   Artículo